[Event "Moscow2"]
[Site "Moscow"]
[Date "1995.??.??"]
[Round "?"]
[White "Tseshkovsky, Vitaly"]
[Black "Bologan, Viktor"]
[Result "0-1"]
[WhiteElo "2530"]
[BlackElo "2540"]
[Annotator "Ribli,Z"]
[PlyCount "96"]
[EventDate "1995.04.??"]
[EventType "tourn"]
[EventRounds "9"]
[EventCountry "RUS"]
[EventCategory "11"]
[SourceTitle "CBM 047"]
[Source "ChessBase"]
[SourceDate "1995.08.01"]
[SourceVersion "1"]
[SourceVersionDate "1995.08.01"]
[SourceQuality "1"]

1. e4 c5 2. Nf3 e6 3. d4 cxd4 4. Nxd4 a6 5. Nc3 b5 6. Bd3 d6 7. O-O Nf6 8. b4 (
8. a4 $5 {Tiviakov,S-Bologan,V/Oakham/1992/CBM30/}) 8... Be7 {Das ist eine
Neurung.} (8... Bb7 9. a4 bxa4 10. Rxa4 Be7 11. Qe2 O-O 12. Bd2 $14 {Kinderman,
S-Gavrikov,V/Biel op/1990/EXP19/}) 9. a4 bxa4 10. Nxa4 {In Bertacht kommt 10.
Ra4 mit Druck gegen den a6-Bauern.} O-O 11. Bb2 e5 12. Nb3 (12. Nf5 Bxf5 13.
exf5 Nc6 {Droht 13...Nb4 oder d5.}) 12... Nc6 13. Ba3 Be6 14. c4 Nd7 15. Nc3
Qb6 16. Qd2 Nd4 (16... Nxb4 $2 17. Na4 Qb7 18. Na5 $18) 17. Nxd4 exd4 18. Nd5
Bxd5 19. exd5 a5 $1 {Schwarz soll diesen positionellen Weg waehlen.} 20. Rae1
Qd8 (20... Bf6 $2 21. bxa5 Rxa5 22. Bxd6 $16) 21. bxa5 Rxa5 22. Bb4 (22. Rxe7
Rxa3 $15) 22... Ra7 23. Bc2 Nc5 $1 24. Qxd4 Bf6 {Weiss hat ein Laeuferpaar und
ein Mehrbauern, aber der Nachziehende kontrol- liert die schwarzen Feldern und
der hat genuegend Kompensation.} 25. Qd2 g6 $1 (25... Ra2 $2 26. Bxc5 dxc5 27.
Bxh7+ Kxh7 28. Qxa2 $18) 26. Bc3 Ra3 27. Bb4 $6 Ra2 $1 28. g3 Qb6 29. Rb1 Re8
30. Bc3 Qd8 31. Rfe1 $6 {Verliert eine Qualitaet, aber nach 31.Bf6 Qf6 steht
schon der Nachziehende wegen seines Riesenspringers auf c5 und die Fesselung
in der zweiten Reihe be- quemer und besser.} Ne4 32. Bxf6 $2 (32. Rxe4 $1 Rxe4
33. Bxe4 Rxd2 34. Bxd2 $15 {Weiss kann eine Festung ausbauen und die Partie
retten.}) 32... Nxd2 $1 33. Bxd8 Rxd8 34. Rbc1 (34. Bb3 Ra3 $19) 34... Nf3+ 35.
Kf1 Nxe1 36. Kxe1 Rc8 37. Bd3 Kg7 38. h4 Kf6 39. Kf1 Rd2 40. Be2 (40. Rc3 Ra8
$19) 40... Rxd5 41. Rb1 Rd2 42. Ke1 Rc2 43. Rb6 Ke7 44. Bd3 Ra2 45. Rb5 Rc7 46.
Rb1 Rca7 47. Rb6 Ra1+ 48. Kd2 R7a2+ {Ribli} 0-1

[Event "YUG-ch"]
[Site "Tivat"]
[Date "1994.??.??"]
[Round "2"]
[White "Matulovic, Milan"]
[Black "Miladinovic, Igor"]
[Result "0-1"]
[WhiteElo "2460"]
[BlackElo "2480"]
[Annotator "Ribli,Z"]
[PlyCount "72"]
[EventDate "1994.03.??"]
[EventType "tourn"]
[EventRounds "13"]
[EventCountry "YUG"]
[EventCategory "10"]
[SourceTitle "CBM 043"]
[Source "ChessBase"]
[SourceDate "1994.12.01"]
[SourceVersion "1"]
[SourceVersionDate "1994.12.01"]
[SourceQuality "1"]

1. e4 c5 2. Nf3 e6 3. d4 cxd4 4. Nxd4 a6 5. Bd3 Bc5 6. Nb3 Be7 $5 7. Qg4 (7.
O-O Nc6 8. f4 d6 9. Qe2 Nf6 10. N1d2 Nb4 $10 {Arakhamia,K-Portisch,L/Monaco/
1994/CBM42/}) 7... Bf6 (7... Nf6 8. Qg3 d6 9. O-O O-O $13) 8. f4 d6 9. O-O Nc6
10. Nc3 h5 (10... Nge7 11. e5 dxe5 12. Ne4 $44) 11. Qg3 h4 12. Qf2 h3 13. g4
Bxc3 14. bxc3 Qh4 15. g5 Nge7 16. c4 (16. Ba3 $5 d5 17. Rae1 $14) 16... a5 17.
Qg3 (17. Ba3 Nb4 $13) 17... f6 $1 18. Qxh4 Rxh4 19. gxf6 gxf6 20. Ba3 Nb4 21.
Rf3 Bd7 22. Raf1 Kf7 23. Nd4 Rg8+ 24. Rg3 Rhg4 25. Bxb4 axb4 26. Rxg4 Rxg4+ 27.
Kh1 e5 $1 $15 28. fxe5 dxe5 29. Nf3 Ng6 30. Rb1 Bc6 31. Rxb4 f5 $1 32. c5 Kf6
33. Nd2 Rg2 34. Nf1 Nh4 35. Rb6 Nf3 36. exf5 Rg1# 0-1

[Event "RUS-Cup3"]
[Site "Omsk"]
[Date "1996.??.??"]
[Round "5"]
[White "Bezgodov, Alexei"]
[Black "Chuprov, Dmitry"]
[Result "0-1"]
[WhiteElo "2490"]
[BlackElo "2425"]
[Annotator "Ribli,Z"]
[PlyCount "108"]
[EventDate "1996.12.13"]
[EventType "swiss"]
[EventRounds "9"]
[EventCountry "RUS"]
[SourceTitle "CBM 057"]
[Source "ChessBase"]
[SourceDate "1997.04.01"]
[SourceVersion "1"]
[SourceVersionDate "1997.04.01"]
[SourceQuality "1"]

1. e4 c5 2. Nf3 e6 3. d4 cxd4 4. Nxd4 a6 5. Bd3 Nf6 6. O-O d6 7. c4 Be7 {
Heutzutage wird dieser "klassische" Aufbau mit Be7 selten gespielt, üblicher
ist das System mit g6 und Bg7. In unserer Stellung hat Weiß große Raumvorteil
und eine mögliche Initiative am Königsflügel, weil Schwarz eine etwas passive,
aber feste Stellung hat. Wenn er allerdings unter günstigen Bedingungen d6-d5
durchsetzt, kann er leicht beser stehen. Ribli.} 8. Nc3 Bd7 9. Be3 Nc6 10. Kh1
(10. f4 Nxd4 11. Bxd4 Bc6 12. Qe2 O-O 13. Rac1 Re8 14. Kh1 Bf8 15. Bg1 Nd7 $13
{Ochoa-Paramos Dominguez/ESP-tt/1996/}) 10... Nxd4 11. Bxd4 Bc6 12. Qe2 O-O 13.
Rae1 {Dieser Zug gefällt mir nicht, ich glaube, Weiß kann sofort 13.f4 spielen,
aber vielleicht hatte er Angst vor 13...Nd7. Ribli.} Nd7 14. Nd5 {Ein
typisches Motiv im Sizilianischen. Ribli.} Bxd5 (14... exd5 15. exd5 $16) 15.
exd5 (15. cxd5 e5 16. Be3 Bg5) 15... e5 16. Bc3 g6 {Schwarz bereitet 17...Bf6
und Bg7 vor und wenn er den schwarzfeldrigen Läufer abtauschen kann, wird es
leichter für ihn, weil der andere weisse Läufer in solchen Stellungen nicht so
stark ist. Ribli.} (16... f5 17. f3) 17. f4 Bf6 {[#]} 18. f5 (18. fxe5 Bxe5 19.
Bxe5 Nxe5 $15) 18... e4 $1 {[#] Ein gutes positionelles Bauernopfer. Schwarz
tauscht den Läufer auf der großen Diagonalen, schwächt die weiße
Bauernstruktur am Damenflügel und bekommt zwei mögliche Stützpunkte für seine
Springer (c5 und e5). Ribli.} 19. Qxe4 Bxc3 20. bxc3 Nc5 $44 21. Qf3 $6 (21.
Qd4 {Ich glaube, die weiße Dame stünde aktiver auf d4 und kontrollierte
wichtige Punkten. Ribli.}) 21... Qg5 22. Bb1 Rac8 23. Qf2 Nd7 24. h4 Qh6 25.
Re4 (25. Bd3 Ne5) 25... Nf6 26. Rd4 Rce8 27. Qg3 Re5 {Schwarz hat vollwertiges
Spiel für den Bauern, und ich glaube, die Stellung ist im dynamischen
Gleichgewicht. Ribli.} 28. fxg6 fxg6 29. Rdf4 Qg7 30. Bc2 Qe7 31. Bd1 Kg7 32.
Bf3 Nd7 {Wir können nun einen Manöverkampf sehen, in dem die Spieler ohne
besondere konkrete Pläne ihre Stellungen verbessern. Ribli.} 33. Rxf8 Qxf8 34.
h5 $4 {[#] Ich glaube, das ist ein Zeitnotfehler. Nach diesem Partiezug
bekommt Schwarz gute Chancen auf Gewinn. Ribli.} (34. Kg1) 34... Rxh5+ $17 35.
Kg1 (35. Bxh5 Qxf1+ 36. Kh2 Qxc4 $17) 35... Rf5 36. Re1 Re5 {In einem Endspiel
Dame und Läufer gegen Dame und Springer hat Schwarz gute Gewinnmöglichkeiten,
weil der weisse Läufer keine Zukunft hat. Ribli.} 37. Rf1 Qe7 38. Bg4 Qg5 39.
Qf3 Nf6 40. Be6 Re3 {Weiss hat seinen Laeufer nach e6 gebracht, und einerseits
kann er zufrieden sein, weil e6 ein besseres Feld für den Läufer ist als d1,
der Läufer steht durchaus schön, aber es bieten sich ihm andererseits keine
Zielpunkte. Ribli.} 41. Qf2 Rxc3 42. Qb6 Rc1 43. Qxb7+ Kh6 {Auf h6 befindet
der schwarze König sich in Sicherheit. Ribli.} 44. Qb3 Rxf1+ 45. Kxf1 Ne4 46.
Kg1 Qc1+ 47. Kh2 Qf4+ 48. Kg1 Kg5 $1 {"Der König ist eine starke Figur !"
sagte einmal der erste Weltmeister Steinitz, und das ist wahr, besonders in
dieser Stellung. Ribli.} 49. Qa3 h5 50. Qxa6 {Weiss hat materielles
Übergewicht, aber sein König ist hilflos. Ribli.} Qf2+ $19 51. Kh2 Nd2 52. Qa3
Nf1+ 53. Kh1 (53. Kh3 Qh4#) 53... Ng3+ 54. Kh2 Ne2 {Und Weiss gab auf, weil
ihm 55...Qg1 56.Kh3 Qh1 matt droht, und nach 55.Kh3 55...Qh4 matt kommt. Ribli.
} 0-1

[Event "United Insurance 5th"]
[Site "Dhaka"]
[Date "2001.03.03"]
[Round "12"]
[White "Reefat, Bin Sattar"]
[Black "Miezis, Normunds"]
[Result "0-1"]
[WhiteElo "2458"]
[BlackElo "2532"]
[Annotator "Ribli,Z"]
[PlyCount "86"]
[EventDate "2001.02.19"]
[EventType "tourn"]
[EventRounds "13"]
[EventCountry "BAN"]
[EventCategory "8"]
[SourceTitle "CBM 082"]
[Source "ChessBase"]
[SourceDate "2001.05.17"]
[SourceVersion "1"]
[SourceVersionDate "2001.05.17"]
[SourceQuality "1"]

1. e4 c5 2. Nf3 e6 3. d4 cxd4 4. Nxd4 a6 5. Bd3 {Vor 10 Jahren wurde
dieserLäuferzug häufig gespielt, heute erfreut sich 5.Nc3 größerer Beliebtheit.
} Nc6 {Dieser Zug wird relativ selten gespielt (die Alternativen sind
zwahlreich - 5...Bc5, 5...Qc7, 5...Nf6, 5...d5, 5...g6, 5...Ne7), denn in der
Folge entsteht eine Stellung mit symmetrischer Bauernverteilung mit etwas
Initiative für Weiß. Dennoch erreicht Schwarz mit dieser Variante nahezu
Ausgleich.} 6. Nxc6 dxc6 (6... bxc6 $6 7. O-O d5 8. c4 $1 $14) 7. Nd2 {Das ist
ein Schlüsselzug in dieser Stellung - der Springer strebt nach c4, von wo aus
er das Feld b6 und zugleich den Pe5 kontrolliert.} (7. f4) (7. O-O) 7... e5 8.
Nc4 (8. Qh5) 8... Nf6 (8... Be6 9. O-O Bxc4 10. Bxc4 Qxd1 11. Rxd1 Bc5 12. Kf1
Nf6 13. f3 b5 14. Bb3 h6 15. Bd2 Bd4 16. c3 Bc5 17. Be1 Ke7 18. Bg3 Bd6 19. Rd2
Rhd8 {1/2-1/2 Rytshagov,M-Miezis,N/Troll Masters, Gausdal NOR 2000 (48)}) 9.
O-O (9. Bd2 Bd6 10. a4 (10. Nxd6+ Qxd6 11. Qe2 O-O 12. O-O Be6 13. Rfd1 Nd7 14.
a4 Qc7 15. a5 Nc5 16. Be3 Nxd3 17. cxd3 Rfe8 18. f3 Qe7 19. Qc2 Rad8 20. Qc3 f6
21. Rd2 Rd7 22. Bb6 {1/2-1/2 Nijboer,F-Hauchard,A/Mondariz 2000/CBM 79 no vc 
(90)}) 10... Be6 11. Qe2 O-O 12. a5 Qe7 13. O-O Bxc4 14. Bxc4 Rfd8 15. Rfd1 Rd7
16. c3 Rad8 17. b4 Bb8 18. Bg5 h6 19. Bxf6 Qxf6 {1/2-1/2 Kaiumov,D-Miezis,N/
Hastings 1999/EXT 2000 (25)}) 9... Qc7 (9... Bg4) 10. Bd2 (10. f4 Ng4 11. Qf3
Bc5+ 12. Kh1 Be6 13. fxe5 O-O-O 14. Bf4 h5 15. c3 Kb8 16. b4 Be7 17. Rad1 g5
18. Bc1 Rxd3 19. Qxd3 Rd8 {0-1 Sandipan,C-Miezis,N/Dhaka/ 2001/(70)}) (10. a4
Be6 (10... Bc5 11. Bg5 Be6 12. Bxf6 gxf6 13. Qf3 Ke7 14. c3 h5 15. Ne3 Rag8 16.
h3 Rg5 17. Rfd1 Rhg8 18. Bf1 h4 19. b4 Ba7 20. Kh1 Qc8 21. Rd2 Rd8 22. Rxd8
Qxd8 23. Rd1 Qg8 24. Nd5+ {1-0 Polgar,J-Miezis,N/Tallinn EST 2001/The Week in
Chess 322 (36)}) 11. Qf3 h5 12. Be3 (12. Qg3 Ng4 13. h3 h4 14. Qf3 Nf6 15. Bg5
Nh5 16. Bxh4 f6 17. Bg3 g5 18. Ne3 $14) 12... h4 13. h3 Nd7 14. a5 f6 15. Nb6
Nxb6 16. Bxb6 Qf7 17. Be2 Be7 18. Rfd1 g6 19. Qc3 O-O 20. Rd2 {1/2-1/2 Sareen,
V-Miezis,N/Calcutta IND 2001 (60)}) 10... b5 {GM Miezis spielt gerne diese
Fortsetzung. Schwarz vertreibt den Nc4 und scheut nicht vor dem Verlust des
Läuferpaares zurück.} (10... Bg4 11. Qe1 b5 (11... Nd7 12. f4 $16) (11... Bc5
$5) 12. Ne3 Bc5 13. Nxg4 Nxg4 14. Qe2 Nf6 15. b4 Bb6 16. c4 $1 $14 {1-0 Leko,
P-Khalifman,A/Budapest 2000/CBM 75/[Ribli] (52)}) (10... Nd7 11. f4 $1) (10...
Bc5 11. Bc3 $1 Nd7 12. Qh5 $36) 11. Ba5 (11. Ne3 Bc5 $11) 11... Qb8 12. Nb6 Ra7
(12... Bb4 13. Bxb4 Qxb6 14. Qd2 $14 {[%cal Gd2g5] Weiß besitzt das Läuferpaar,
sein schwarzfeldriger Läufer steht besonders gut.} c5 $2 15. Ba5 Qb7 16. Bxb5+
$18) 13. Nxc8 Qxc8 14. a4 {Weiß hat die Initiative am Damenflügel, die
schwarze Stellung ist aber verteidigungsfähig.} Rd7 15. Qe2 {Weiß hebt die
Fesslung auf der d-Linie auf. Von e2 aus nimmt die Dame den Pa6 ins Visier.}
Qb8 $146 {[%mdl 4] Das ist die Verbesserung von Schwarz. Der Bf8 wird (noch)
nicht entwickelt, denn im Falle von 16.c4 b4 17.c5 kann Schwarz sofort 17...
Bf8xc5 spielen. Daher nutzt er die Möglichkeit, zuerst die Stellung seiner
Dame zu verbessern.} (15... Be7 16. c4 b4 17. c5 Bxc5 18. Rfc1 Be7 19. Bxa6 Qa8
20. Bb6 O-O 21. a5 Rb8 22. f3 $14 {0-1 Solleveld,M-Miezis,N/Haarlem 2000/EXT
2001 (78)}) 16. c4 (16. axb5 axb5 $11) 16... b4 17. c5 Bxc5 {Im Vergleich zur
Variante 15...Be7 16.c4 b4 17.c5 Bxc5 hat Schwarz ein wichtiges Tempo gewonnen,
denn nun steht seine Dame schon auf b8.} 18. Rac1 (18. Rfc1) 18... Bb6 (18...
O-O $2 19. Rxc5 Qd6 20. Bxb4 Qxd3 21. Qxd3 Rxd3 22. Rxc6 $16) (18... Qa7 19.
Qc2 (19. Bxa6 Rd4 $36) 19... O-O 20. Qxc5 Qxc5 21. Rxc5 Rxd3 22. Rxc6 $14) 19.
Bxb4 (19. Bxb6 Qxb6 20. Bxa6 O-O $11) 19... Bxf2+ {Das ist die Pointe der
schwarzen Spielweise.} 20. Rxf2 Qxb4 $11 {Schwarz hat aktives Figurenspiel.
Sein König steht keineswegs schlecht in der Mitte. Der weiße Bd3 hat - wie
üblich in dieser Variante - wenig Aktivität.} 21. Rxc6 Ke7 $1 {Da das Zentrum
geschlossen ist, steht der schwarze König keineswegs schlecht in der Mitte.}
22. h3 (22. Rxa6 Rhd8 $36) 22... Rhd8 {[%cal Gd8d1]} 23. Bc4 Qxa4 24. Rxa6 Qb4
25. b3 {[%csl Gc4] Die schwarzen Figuren harmonieren besser miteinander.
Andererseits steht der Bc4 fest, und Weiß hat nur eine kleine,
verteidigungsfähige Schwäche auf e4.} Qc5 26. Kh2 Rd6 27. Rxd6 Rxd6 28. Qf3 $2
{[%mdl 8192]} (28. Rf1 Rd4 29. Qf3 Qc7 (29... Rxe4 30. Bxf7) 30. Re1 $11) {[#]}
28... Ng4+ $1 {Mit diesem schönen Zug gewinnt Schwarz Material.} 29. hxg4 Rf6
30. g5 (30. Qxf6+ gxf6 31. Rf3 $17) 30... Rxf3 31. Rxf3 $17 {Weiß hat R+B für
die Q, aber die weißen Bauern sind sehr schwach.} f6 32. gxf6+ gxf6 33. Rh3 Kd6
34. Rxh7 Qf2 35. Bd5 $2 {Es ist verständlich, dass Weiß seine Schwächen
verteidigen möchte, aber der Bd5 steht unsicher(!), weil Schwarz in der Folge
f6-f5 ziehen kann.} (35. Rf7 {Nach diesem Zug ist es nicht leicht für Schwarz,
f6-f5 durchzusetzen.} Kc5 (35... Qf4+ 36. g3 $17) 36. Bd5 $17) 35... Qf4+ 36.
Kh3 f5 $1 {Wegen der schlechten Stellung des Bd5 kann Weiß nicht exf5 spielen.
So hat Schwarz freie Hand.} 37. Rh4 Qe3+ 38. Kh2 (38. g3 f4 (38... Qf3 $17) 39.
Rg4 f3 $17) 38... Qg5 39. Kh3 (39. g3 f4 40. Rh3 f3 $19) 39... Qd2 40. Kh2 Kc5
41. Kh3 Kd4 $19 {Das Eindringen des Königs entscheidet die Partie.} 42. b4 Qe1
43. b5 Qh1+ (43... Qh1+ 44. Kg3 f4+ $19) 0-1

[Event "NED-GER m"]
[Site "Venlo"]
[Date "2000.08.27"]
[Round "4.3"]
[White "Lutz, Christopher"]
[Black "Nijboer, Friso"]
[Result "1-0"]
[WhiteElo "2595"]
[BlackElo "2537"]
[Annotator "Ribli,Z"]
[PlyCount "75"]
[EventDate "2000.08.24"]
[EventType "team"]
[EventRounds "4"]
[EventCountry "NED"]
[SourceTitle "CBM 079"]
[Source "ChessBase"]
[SourceDate "2000.11.21"]
[SourceVersion "1"]
[SourceVersionDate "2000.11.21"]
[SourceQuality "1"]
[WhiteTeam "Germany"]
[BlackTeam "Netherlands"]
[WhiteTeamCountry "GER"]
[BlackTeamCountry "NED"]

1. e4 c5 2. Nf3 e6 3. d4 cxd4 4. Nxd4 a6 5. Bd3 Ne7 {Eine selten gespielte
Fortsetzung - Schwarz möchte in der Folge entweder Ng6 oder Nec6 spielen.} 6.
O-O Nec6 7. c3 Be7 (7... d5 8. exd5 (8. Nb3 Be7 9. Qe2 dxe4 10. Bxe4 O-O 11. f4
Qc7 12. N1d2 b5 13. Nf3 Bb7 14. Bd2 Nd7 15. Rae1 Nc5 {0-1 Neat,K-Pritchett,C/
Morecambe 1975/EXT 99 (59)}) 8... Qxd5 9. Be3 Be7 10. Nd2 Nxd4 11. Bxd4 O-O 12.
Qc2 g6 13. Rad1 Nd7 14. Rfe1 Bc5 15. Be4 Qd6 16. Nf3 Bxd4 17. Nxd4 Qe7 {
1/2-1/2 Adams,M-Portisch,L/Yerevan 1996/EXT 97 (44)}) (7... g6 8. Nd2 Bg7 9.
Nc4 (9. N2f3 O-O 10. Bg5 Qb6 11. Nb3 d5 12. Re1 dxe4 13. Bxe4 h6 14. Be3 Qc7
15. Qc1 Kh7 {0-1 Razuvaev,Y-Kochyev,A/Baku 1977/MCL (41)}) 9... O-O 10. Be3 d5
11. exd5 exd5 12. Nd2 Nxd4 13. Bxd4 Bxd4 14. cxd4 Nc6 15. Nb3 Qh4 {0-1
Ligterink,G-Kochyev,A/Le Havre 1977/EXT 99 (44)}) 8. Be3 (8. Na3 O-O 9. Be3 d6
10. f4 Nd7 11. Qf3 Nxd4 12. cxd4 e5 13. Bc4 Bf6 14. fxe5 dxe5 15. d5 Bg5 16.
Rad1 Bxe3+ 17. Qxe3 Nf6 18. Be2 b5 19. Nb1 Qd6 {0-1 Tomic,D-Miles,A/Dortmund
1976/MCD (61)}) 8... b5 $6 {Meiner Meinung nach ist dieser Zug effektiver,
wenn der Springer auf c3 steht. Hier scheint mir die Fortsetzung d7-d6 besser.}
(8... d6 9. Nd2 Nd7 (9... Bd7 10. Nc4 Ne5 11. a4 Nxc4 12. Bxc4 Nc6 13. f4 Rc8
14. f5 Nxd4 15. Qxd4 O-O {1-0 Plaskett,J-Ravikumar,V/Copenhagen 1981/EXT 2000 
(36)}) 10. a4 O-O 11. Qe2 Nde5 12. Bc2 Bd7 13. Nxc6 Bxc6 14. f4 Nd7 15. b4 b6
16. Nc4 d5 17. exd5 Bxd5 18. Bd4 Bf6 {1/2-1/2 Christiansen,L-Lein,A/Greenville
1980/MCD (51)}) (8... O-O 9. f4 d6 10. Nf3 Nd7 11. Nbd2 b5 12. a4 b4 13. Nd4
Ndb8 14. Rc1 e5 15. Nf5 Bxf5 16. exf5 d5 {1/2-1/2 Georgiev,K-Peev,P/Bulgaria 
(ch) 1980/Inf 31 (62)}) 9. Nd2 Bb7 10. f4 O-O 11. Qh5 {[%csl Gh5] Weil der
schwarze Springer am Königsflügel fehlt, kann die weiße Dame eine aktive
Stellung einnehmen.} Nxd4 $6 {Dieser Abtausch gefällt mir nicht - Schwarz
störkt damit nur das weiße Zentrum.} (11... d6 $5) 12. cxd4 g6 13. Qh3 Nc6 {
[%cal Gc6b4]} 14. a3 (14. Rac1 $5 Qa5 15. a3 Nxd4 $2 16. b4 (16. Bxd4 Qxd2 17.
Bc3 Bc5+ 18. Kh1 Qe3 19. Qh6 Bd4 $17) 16... Qxa3 17. Bxd4 Qxb4 18. Nf3 $16)
14... Bf6 15. Nf3 Ne7 16. Rae1 $14 {Weiß hat ein ausgezeichnetes Zentrum und
gute Angriffschancen am Königsflügel.} (16. Ng5 $5 h5 (16... Bxg5 17. fxg5 $16
{[%csl Rg8]}) 17. g4 $40) 16... d5 (16... Bg7 17. f5 $40) 17. e5 Bg7 18. Bf2 (
18. Ng5 $5 h6 19. Nf3 $14 {Nun hat Weiß zwar in der Tat zwei Tempi verloren,
doch die schwarze Königsstellung ist geschwächt.}) (18. g4 f6 $5 19. exf6 Rxf6
20. g5 Rf7 21. Ne5 (21. Qxe6 $2 Bc8 $19 {[%csl Re6]}) 21... Bxe5 22. fxe5 Nf5
$132) 18... Qb6 19. Kh1 Bc8 {Es ist verständlich, dass Schwarz die Stellung
des Läufers verbessern möchte, denn die große weißfeldrige Diagonale ist und
bleibt geschlossen. Deshalb zielt der Läufer das Feld d7 an.} 20. Ng5 h6 21.
Nf3 {Mit diesem typischen Manöver erreichte Weiß die Schwächung des schwarzen
Königsflügel.} Re8 $6 (21... Bd7 $142) 22. g4 b4 23. a4 {Weiß möchte -
natürlich - den Damenflügel geschlossen halten.} (23. axb4 $6 Qxb4 $132) 23...
Bd7 24. Nh4 Rac8 (24... Bxa4 25. f5 $44) 25. Qg3 {[%mdl 512] Weiß schert sich
nicht weiter um den Pa4, er spielt auf direkten Angriff am Königsflügel.} (25.
b3 $2 Rc3 $15) 25... Bxa4 26. f5 $40 g5 $8 (26... exf5 $2 27. gxf5 Nxf5 28.
Bxf5 gxf5 29. Rg1 $18) 27. Ng2 (27. f6 gxh4 28. Qxh4 Bb5 $132) 27... exf5 28.
gxf5 f6 29. Ne3 {[%cal Re3g4]} h5 (29... Qxd4 30. Ng4 Qxb2 31. exf6 Bxf6 32.
Re6 $40) 30. h4 $1 {[%mdl 128]} Qxd4 (30... g4 31. Nxg4 hxg4 32. Qxg4 {Droht
33.exf6 und 34.Re6.} Rc7 33. exf6 Qxf6 34. Bg3 $16 {[%csl Rg8][%cal Rg3c7,
Rg3e5,Re5g7]}) 31. hxg5 fxe5 (31... h4 32. Qxh4 Qxh4+ (32... Qxd3 33. gxf6 Nxf5
34. Qg5 Qe4+ 35. Kg1 Qxe5 36. Ng4 Qc7 37. Qxf5 $18) 33. Bxh4 fxg5 34. Bxg5 Bxe5
35. f6 $18) (31... fxg5 32. Ng2 Qg4 33. Qxg4 hxg4 34. f6 $16) 32. Ng2 $1 Qg4 (
32... Qxb2 33. f6 $16) 33. f6 Rc6 (33... e4 34. Bxa6 Rc6 (34... Rc2 35. Ne3
Qxg3 36. Bxg3 $18 {[%cal Rf6e7,Rf6f7,Rf6g7]}) 35. Be2 Qxg3 36. Bxg3 $18 {
[%cal Rf6f7,Rf6e7,Rf6g7]}) 34. Rxe5 $18 Rxf6 {Dieses Opfer hilft nichts mehr,
Schwarz war schon verloren.} (34... Bxf6 35. gxf6 Rxf6 36. Rg5+ $18 {[%cal
Rg5g8,Rg5g4]}) 35. gxf6 Bxf6 36. Rxh5 Qxg3 37. Bxg3 Bxb2 38. Rg5+ 1-0